• 首页
  • 本馆介绍
  • 公告通知
  • 最新文献
  • 馆藏检索
  • 电子资源
  • 读者导购
  • 参考咨询
  • 我的图书馆
  • 登录
  • 详细信息显示
  • 放入我的书架
  • 预约/预借图书
  • 作者相关作品
  • 分类相关作品
  • 丛书相关作品
  • 出版社相关作品

书目信息

  • 表格格式
  • 工作单格式
  • 卡片格式
题名:
魁奈经济著作选集
    
 
作者: 魁奈 著 ;吴斐丹 , 张草纫 选译
分册:  
出版信息: 北京   商务印书馆  1979.12
页数: 448页
开本: 19cm
丛书名:
单 册:
中图分类: F565.9
科图分类:
主题词: 航空运输--运输经济 , 航天运输--运输经济
电子资源:
ISBN:
000 00683nam0 2200241 45
001 0303260832
005 20031219104107.6
010    @dCNY1.40
091    @a4017.201
100    @a20030326d1979 km y0chiy0120 ea
101 0  @achi
105    @a z 000yy
200 1  @a魁奈经济著作选集@AKui Nai Jing Ji Zhu Zuo Xuan Ji@g吴斐丹,张草纫选译@f魁奈著@FKui Nai Zhu
210    @a北京@c商务印书馆@d1979.12
215    @a448页@d19cm
606 0  @a航空运输@x运输经济
606 0  @a航天运输@x运输经济
690    @aF565.9@v3
701  0 @a魁奈@4著
702  0 @a吴斐丹@AWu Fei Dan@4选译
702  0 @a张草纫@AZhang Cao Ren@4选译
801    @aCN@bTSTC@c20030327
905    @f1@b33248@dF565.9@e9
    
    魁奈经济著作选集/吴斐丹,张草纫选译/魁奈著.-北京:商务印书馆,1979.12
    448页;19cm
    
    
    ISBN :CNY1.40
    
●
相关链接 在E读中查询图书 在五车中查询图书 在当当中查询图书 在豆瓣中查询图书


正题名:魁奈经济著作选集     索取号:F565.9/9         预约/预借

序号 登录号 条形码 馆藏地/架位号 状态 备注
1 0033247   000487315   第一样本阅览室/ [索取号:F565.9/9] 在馆    
2 0033248   001776796   密集书库/ [索取号:F565.9/9] 在馆    
唐山师范学院图书馆 欢迎您!
大连网信软件有限公司© 版权所有